Issledovanija po žaropročnym splavam. Tom 10.

Uložené v:
Podrobná bibliografia
Médium: Kniha
Jazyk:Russian
Vydané: Moskva : Izdatel´tvo Akademii nauk SSSR, 1963.
Fyzický popis: 315 strán.
Tagy: Pridať tag
Žiadne tagy, Buďte prvý kto otaguje tento záznam!

MARC

LEADER 00000nam a22000002i 4500
001 000677721
005 20220301135708.0
008 220301s1963 ru e 000 0 rus d
020 |c Kčs 20,00  |q (viazané) 
040 |a SVKKK  |b slo  |c SVKKK  |e rda 
041 0 |a rus 
044 |a ru  |c RU 
245 0 0 |a Issledovanija po žaropročnym splavam.  |n Tom 10. 
264 1 |a Moskva :  |b Izdatel´tvo Akademii nauk SSSR,  |c 1963. 
300 |a 315 strán. 
336 |a text  |b txt  |2 rdacontent 
337 |a bez média  |b n  |2 rdamedia 
338 |a zväzok  |b nc  |2 rdacarrier 
500 |a Záznam revízie 
504 |a Obsahuje bibliografiu 
910 |a svkkk 
998 |a BK 
090 |g SCKHL  |k Sklad Pribinova 3. posch.  |a V0.2870  |j 017484  |i 2720835178  |4 Zastaraná  |s Vyradená